000 00344nam a22001337a 4500
008 170529b xxu||||| |||| 00| 0 eng d
020 _a9780312452919
041 _aeng
080 _24 ED
_a94(7/8)
100 _a16
101 _aSHH
245 _aTHE AMERICAN PROMISE A HISTORY OF THE UNITED STATTES
_cROARK.J.L
942 _2udc
_cBK
999 _c14907
_d14907